Las constantes filosóficas del ser / (Registro nro. 42202)
[ vista simple ]
| 000 -LEADER | |
|---|---|
| fixed length control field | 01364cam a2200373 i 4500 |
| 001 - CONTROL NUMBER | |
| control field | 42202 |
| 003 - CONTROL NUMBER IDENTIFIER | |
| control field | Mx-PuUPA |
| 005 - DATE AND TIME OF LATEST TRANSACTION | |
| control field | 20251208110912.0 |
| 008 - FIXED-LENGTH DATA ELEMENTS--GENERAL INFORMATION | |
| fixed length control field | 140415s2005 sp gr 001 0 spa d |
| 017 ## - COPYRIGHT OR LEGAL DEPOSIT NUMBER | |
| Copyright or legal deposit number | NA. 2.131-2009 |
| 020 ## - INTERNATIONAL STANDARD BOOK NUMBER | |
| International Standard Book Number | 9788431323066 |
| 040 ## - CATALOGING SOURCE | |
| Transcribing agency | Mx-PuUPA |
| Original cataloging agency | Mx-PuUPA |
| Language of cataloging | spa |
| Modifying agency | Mx-PuUPA |
| Description conventions | rda |
| 041 1# - LANGUAGE CODE | |
| Language code of text/sound track or separate title | spa |
| Language code of original | fre |
| 100 1# - MAIN ENTRY--PERSONAL NAME | |
| Personal name | Gilson, Étienne, |
| Dates associated with a name | 1884-1978 |
| Relator term | autor |
| 9 (RLIN) | 3217 |
| 240 10 - UNIFORM TITLE | |
| Uniform title | Constantes philosophiques de l'être. |
| Language of a work | Español |
| 245 14 - TITLE STATEMENT | |
| Title | Las constantes filosóficas del ser / |
| Statement of responsibility, etc. | Étienne Gilson ; traducción de Roberto Courrèges |
| 250 ## - EDITION STATEMENT | |
| Edition statement | Edición española |
| 264 #1 - PRODUCTION, PUBLICATION, DISTRIBUTION, MANUFACTURE, AND COPYRIGHT NOTICE | |
| Place of production, publication, distribution, manufacture | Navarra, España : |
| Name of producer, publisher, distributor, manufacturer | Ediciones Universidad de Navarra, |
| Date of production, publication, distribution, manufacture, or copyright notice | ©2005 |
| 300 ## - PHYSICAL DESCRIPTION | |
| Extent | 195 páginas ; |
| Dimensions | 24 cm |
| 336 ## - CONTENT TYPE | |
| Fuente | rdacontent |
| Content type term | texto |
| Content type code | txt |
| 337 ## - MEDIA TYPE | |
| Source | rdamedia |
| Media type term | sin medio |
| Media type code | n |
| 338 ## - CARRIER TYPE | |
| Source | rdacarrier |
| Carrier type term | volumen |
| Carrier type code | nc |
| 490 0# - SERIES STATEMENT | |
| Series statement | Colección de Pensamiento Medieval y Renacentista |
| Volume/sequential designation | 71 |
| 500 ## - GENERAL NOTE | |
| General note | Reimpresiones (primera). |
| 650 #7 - SUBJECT ADDED ENTRY--TOPICAL TERM | |
| Source of heading or term | armarc |
| Topical term or geographic name entry element | Filosofía |
| 650 #7 - SUBJECT ADDED ENTRY--TOPICAL TERM | |
| Source of heading or term | armarc |
| Topical term or geographic name entry element | Existencialismo |
| 650 #7 - SUBJECT ADDED ENTRY--TOPICAL TERM | |
| Source of heading or term | armarc |
| Topical term or geographic name entry element | Ontología |
| 650 #7 - SUBJECT ADDED ENTRY--TOPICAL TERM | |
| Source of heading or term | armarc |
| Topical term or geographic name entry element | Sustancia (Filosofía) |
| 700 1# - ADDED ENTRY--PERSONAL NAME | |
| Personal name | Courrèges, Juan Roberto, |
| Relator term | traductor |
| 765 0# - ORIGINAL LANGUAGE ENTRY | |
| Main entry heading | Gilson, Étienne |
| Title | Constantes philosophiques de l'etre |
| Place, publisher, and date of publication | París : Librairie Philosophique, 1983 |
| 942 ## - ADDED ENTRY ELEMENTS (KOHA) | |
| Source of classification or shelving scheme | Dewey Decimal Classification |
| Koha item type | Libro |
| Classification part | 111.1 |
| Item part | G4618 |
| Withdrawn status | Lost status | Source of classification or shelving scheme | Damaged status | Not for loan | Collection code | Home library | Current library | Shelving location | Date acquired | Source of acquisition | Total Checkouts | Full call number | Barcode | Date last seen | Price effective from | Koha item type |
|---|---|---|---|---|---|---|---|---|---|---|---|---|---|---|---|---|
| Dewey Decimal Classification | General | Centro de Estudios en Ciencia y Religión | Centro de Estudios en Ciencia y Religión | Sala general | 03/12/2013 | Compra | 111.1 G4618 2005 | 63516 | 05/01/2026 | 03/12/2013 | Libro |